Tilastot visalle Yleisurheilun MM 2023: mitalitaulukko

Klikkaa tästä pelataksesi tätä visaa!

Yleistilastot

  • Tätä visaa on pelattu 30 kertaa
  • Keskiarvotulos 29 / 46

Vastaustilastot

Yht.% Oikein
9Norja2114
100%
10Ruotsi2103
100%
39Suomi0011
100%
1Yhdysvallat128929
100%
2Kanada4206
95%
27Ranska0101
95%
7Iso-Britannia23510
91%
13Italia1214
91%
15Japani1012
91%
8Alankomaat2125
86%
3Espanja4105
86%
4Jamaika35412
86%
5Kenia33410
86%
37Kiina0022
86%
18Venezuela1001
86%
12Australia1236
82%
39Brasilia0011
82%
6Etiopia2439
82%
18Intia1001
82%
15Kreikka1012
77%
14Ukraina1102
77%
24Puola0202
73%
37Tšekki0022
73%
27Kolumbia0101
68%
27Slovenia0101
68%
39Unkari0011
68%
25Kuuba0123
59%
11Uganda2002
59%
39Liettua0011
55%
39Romania0011
50%
18Serbia1001
50%
26Botswana0112
45%
27Ecuador0101
45%
27Pakistan0101
45%
27Peru0101
45%
27Filippiinit0101
41%
39Grenada0011
41%
27Israel0101
41%
39Qatar0011
41%
15Marokko1012
36%
18Dominikaaninen tasavalta1001
27%
39Barbados0011
14%
18Bahrain1001
9%
18Burkina Faso1001
9%
27Puerto Rico0101
9%
27Brittiläiset Neitsytsaaret0101
0%

Tulosjakauma

Persentiili vastausten määrän mukaan

Jokaisen tuloksen saaneiden osuus

Tuloshistoriasi

Et ole pelannut tätä visaa